| 000 | 00371nam a2200145Ia 4500 | ||
|---|---|---|---|
| 003 | PILC | ||
| 008 | 220421s2006 xx 000 0 und d | ||
| 040 | _cEARIST LIBRARY | ||
| 100 | _aZulueta,Francisco M. | ||
| 245 | 0 | _aSocial Problems and Issue in the Ph. / | |
| 260 |
_aNational, _bMandaluyong : _c2006. |
||
| 300 | _a388 pages; | ||
| 999 |
_c2606 _d2606 |
||
| 942 |
_2ddc _cBK |
||